[Event "WchT Blitz Final"]
[Site "London"]
[Date "2025.06.15"]
[Round "1.2"]
[White "Grischuk, Alexander"]
[Black "Samadov, Read"]
[Result "0-1"]
[WhiteElo "2667"]
[BlackElo "2522"]
[PlyCount "76"]
[EventDate "2025.06.15"]
[EventType "team-k.o. (blitz)"]
[EventRounds "4"]
[EventCountry "ENG"]
[SourceTitle "CB25_2025"]
[SourceDate "2025.06.18"]
[SourceVersion "1"]
[SourceVersionDate "2025.06.18"]
[SourceQuality "1"]
[WhiteTeam "KazChess"]
[BlackTeam "Rookies"]
[WhiteTeamCountry "KAZ"]
[BlackTeamCountry "KAZ"]

1. e4 c5 2. Nf3 d6 3. d4 cxd4 4. Nxd4 Nf6 5. Nc3 a6 6. Bg5 e6 7. f4 h6 8. Bh4 Qb6 9. a3 Nbd7 10. Bf2 Qc7 11. Qf3 b5 12. 0-0-0 Rb8 13. g4 b4 14. axb4 Rxb4 15. h4 e5 16. Nf5 Bb7 17. Bd3 Nc5 18. Rhe1 Qa5 19. Bxc5 Qxc5 20. g5 Nd7 21. gxh6 g6 22. Ng7+ Bxg7 23. hxg7 Rg8 24. h5 Rxg7 25. hxg6 Rxg6 26. Qh3 Nf6 27. Nd5 Bxd5 28. exd5 e4 29. Bxe4 Rxe4 30. Rxe4+ Nxe4 31. Qh8+ Ke7 32. Qh4+ Kd7 33. Qh3+ Kc7 34. Qf5 Qe3+ 35. Kb1 Rf6 36. Qh7 Rxf4 37. c3 Qe2 38. Rc1 Rf2 0-1

[Event "WchT Blitz Final"]
[Site "London"]
[Date "2025.06.15"]
[Round "4.2"]
[White "Nepomniachtchi, Ian"]
[Black "Grischuk, Alexander"]
[Result "1/2-1/2"]
[WhiteElo "2757"]
[BlackElo "2667"]
[PlyCount "57"]
[EventDate "2025.06.15"]
[EventType "team-k.o. (blitz)"]
[EventRounds "4"]
[EventCountry "ENG"]
[SourceTitle "CB25_2025"]
[SourceDate "2025.06.18"]
[SourceVersion "1"]
[SourceVersionDate "2025.06.18"]
[SourceQuality "1"]
[WhiteTeam "WR Chess"]
[BlackTeam "KazChess"]
[WhiteTeamCountry "GER"]
[BlackTeamCountry "KAZ"]

1. e4 e5 2. Nf3 Nc6 3. Bc4 Bc5 4. c3 Nf6 5. d3 a6 6. 0-0 d6 7. a4 Ba7 8. Re1 0-0 9. h3 h6 10. Nbd2 Re8 11. b4 Qe7 12. Rb1 Be6 13. b5 axb5 14. axb5 Nb8 15. Bxe6 Qxe6 16. d4 Nbd7 17. Bb2 Bb6 18. c4 exd4 19. Nxd4 Bxd4 20. Bxd4 b6 21. Ra1 Nc5 22. Rxa8 Rxa8 23. Qc2 Nh5 24. Re3 Nf4 25. Kh2 f6 26. Nf1 Ra4 27. Nd2 Ra8 28. Nf1 Ra4 29. Nd2 1/2-1/2

[Event "WchT Blitz Final"]
[Site "London"]
[Date "2025.06.15"]
[Round "1.1"]
[White "Samadov, Read"]
[Black "Grischuk, Alexander"]
[Result "0-1"]
[WhiteElo "2522"]
[BlackElo "2667"]
[PlyCount "124"]
[EventDate "2025.06.15"]
[EventType "team-k.o. (blitz)"]
[EventRounds "4"]
[EventCountry "ENG"]
[SourceTitle "CB25_2025"]
[SourceDate "2025.06.18"]
[SourceVersion "1"]
[SourceVersionDate "2025.06.18"]
[SourceQuality "1"]
[WhiteTeam "Rookies"]
[BlackTeam "KazChess"]
[WhiteTeamCountry "KAZ"]
[BlackTeamCountry "KAZ"]

1. d4 Nf6 2. c4 g6 3. Nc3 d5 4. cxd5 Nxd5 5. e4 Nxc3 6. bxc3 Bg7 7. Nf3 c5 8. h3 0-0 9. Be2 b6 10. Be3 Bb7 11. Qd3 Ba6 12. Qd2 cxd4 13. cxd4 Bb7 14. Qd3 Ba6 15. Qd2 Bb7 16. e5 Nc6 17. 0-0 Qd5 18. Rac1 Rac8 19. Bc4 Qa5 20. Qe2 e6 21. Rfd1 Ne7 22. Bd2 Qa4 23. Bb3 Qd7 24. Bb4 Rfd8 25. Rxc8 Rxc8 26. Bxe7 Qxe7 27. d5 exd5 28. Bxd5 Bxd5 29. Rxd5 Rd8 30. Qd3 Rxd5 31. Qxd5 h6 32. g4 Bf8 33. Kg2 Qe8 34. h4 Bc5 35. Nd2 Qe6 36. Qxe6 fxe6 37. Ne4 Be7 38. h5 gxh5 39. gxh5 b5 40. f4 b4 41. Kf3 a5 42. Nd2 a4 43. Nb1 Kf7 44. Ke4 Bh4 45. f5 exf5+ 46. Kxf5 Bg3 47. Nd2 Ke7 48. Ne4 Bh2 49. Nc5 b3 50. axb3 a3 51. b4 Bg1 52. Nb3 a2 53. Kg6 Bd4 54. Kxh6 Bxe5 55. Kg6 Ke6 56. b5 Kd6 57. h6 Kc7 58. h7 Kb6 59. Kf5 Bh8 60. Ke4 Kxb5 61. Kd3 Kb4 62. Kc2 Ka3 0-1

[Event "WchT Blitz Pool D"]
[Site "London"]
[Date "2025.06.14"]
[Round "1.1"]
[White "Amartuvshin, Ganzorig"]
[Black "Grischuk, Alexander"]
[Result "0-1"]
[WhiteElo "2430"]
[BlackElo "2667"]
[PlyCount "78"]
[EventDate "2025.06.14"]
[EventType "team-tourn"]
[EventRounds "13"]
[EventCountry "ENG"]
[SourceTitle "CB25_2025"]
[SourceDate "2025.06.18"]
[SourceVersion "1"]
[SourceVersionDate "2025.06.18"]
[SourceQuality "1"]
[WhiteTeam "Mongolia"]
[BlackTeam "KazChess"]
[WhiteTeamCountry "MGL"]
[BlackTeamCountry "KAZ"]

1. d4 d5 2. c4 e6 3. Nc3 Be7 4. Nf3 Nf6 5. Bf4 0-0 6. a3 b6 7. Rc1 c5 8. cxd5 Nxd5 9. Nxd5 exd5 10. e3 c4 11. Be2 b5 12. 0-0 Nd7 13. Ne5 Bb7 14. Nxd7 Qxd7 15. Qd2 a5 16. f3 Rfc8 17. Be5 Qe6 18. Bd1 b4 19. Bc2 Bd6 20. Bxd6 Qxd6 21. e4 c3 22. bxc3 Rxc3 23. e5 Qe7 24. axb4 axb4 25. Bd3 Rac8 26. Rxc3 Rxc3 27. Rb1 g6 28. Bf1 Bc6 29. Qb2 Bd7 30. Qxb4 Qxb4 31. Rxb4 Be6 32. Kf2 h5 33. Be2 Kg7 34. h4 Rc2 35. Ke3 Ra2 36. Rb3 Ra1 37. g4 Rh1 38. gxh5 gxh5 39. Rb1 Rxb1 0-1

[Event "WchT Blitz Pool D"]
[Site "London"]
[Date "2025.06.14"]
[Round "11.1"]
[White "Erigaisi, Arjun Kumar"]
[Black "Grischuk, Alexander"]
[Result "1/2-1/2"]
[WhiteElo "2782"]
[BlackElo "2667"]
[PlyCount "66"]
[EventDate "2025.06.14"]
[EventType "team-tourn"]
[EventRounds "13"]
[EventCountry "ENG"]
[SourceTitle "CB25_2025"]
[SourceDate "2025.06.18"]
[SourceVersion "1"]
[SourceVersionDate "2025.06.18"]
[SourceQuality "1"]
[WhiteTeam "Team MGD1"]
[BlackTeam "KazChess"]
[WhiteTeamCountry "IND"]
[BlackTeamCountry "KAZ"]

1. d4 d5 2. c4 e6 3. Nf3 Nd7 4. Nc3 Ngf6 5. e3 c6 6. a4 Bd6 7. a5 0-0 8. Be2 a6 9. 0-0 Re8 10. Qb3 e5 11. cxd5 cxd5 12. Nxd5 Nxd5 13. dxe5 Nxe3 14. Bxe3 Nxe5 15. Rad1 Qe7 16. Nxe5 Qxe5 17. g3 Bh3 18. Rfe1 Qe4 19. Bf1 Bxf1 20. Rxf1 Qb4 21. Qxb4 Bxb4 22. Bb6 Re5 23. Rd7 Bxa5 24. Bxa5 Rxa5 25. Rxb7 g6 26. Rd1 Rc8 27. Rd2 Rc6 28. Kg2 h5 29. b4 Rf5 30. h4 Kg7 31. Rb2 Re6 32. b5 axb5 33. R7xb5 Ref6 1/2-1/2

[Event "WchT Blitz Pool D"]
[Site "London"]
[Date "2025.06.14"]
[Round "4.1"]
[White "Grischuk, Alexander"]
[Black "Orozbaev, Eldiar"]
[Result "1-0"]
[WhiteElo "2667"]
[BlackElo "2367"]
[PlyCount "75"]
[EventDate "2025.06.14"]
[EventType "team-tourn"]
[EventRounds "13"]
[EventCountry "ENG"]
[SourceTitle "CB25_2025"]
[SourceDate "2025.06.18"]
[SourceVersion "1"]
[SourceVersionDate "2025.06.18"]
[SourceQuality "1"]
[WhiteTeam "KazChess"]
[BlackTeam "Kyrgyzstan Noval Group"]
[WhiteTeamCountry "KAZ"]
[BlackTeamCountry "KGZ"]

1. e4 e6 2. d4 d5 3. Nc3 Nf6 4. e5 Nfd7 5. f4 c5 6. Nf3 Nc6 7. Be3 cxd4 8. Nxd4 Qb6 9. a3 Bc5 10. Ncb5 a6 11. b4 axb5 12. bxc5 Qa5+ 13. Bd2 Qa4 14. Nxc6 bxc6 15. Bb4 Qa7 16. Qd4 Qc7 17. Bd3 0-0 18. 0-0 f6 19. exf6 Nxf6 20. Rae1 Bd7 21. Re3 Ng4 22. Rh3 h6 23. Bc3 Bc8 24. Rg3 Rxa3 25. Bb4 e5 26. fxe5 Rxf1+ 27. Kxf1 Ra4 28. Rxg4 Bxg4 29. Qxg4 Ra1+ 30. Kf2 Qxe5 31. Qc8+ Kf7 32. Bd2 Qd4+ 33. Kg3 Ra3 34. Qd7+ Kf8 35. Bf4 Rxd3+ 36. cxd3 Qxd3+ 37. Kg4 Qe2+ 38. Kh3 1-0

[Event "WchT Rapid"]
[Site "London"]
[Date "2025.06.13"]
[Round "11.2"]
[White "Grischuk, Alexander"]
[Black "Vitiugov, Nikita"]
[Result "1/2-1/2"]
[WhiteElo "2696"]
[BlackElo "2590"]
[PlyCount "121"]
[EventDate "2025.06.11"]
[EventType "team-swiss"]
[EventRounds "12"]
[EventCountry "ENG"]
[SourceTitle "CB25_2025"]
[SourceDate "2025.06.18"]
[SourceVersion "1"]
[SourceVersionDate "2025.06.18"]
[SourceQuality "1"]
[WhiteTeam "KazChess"]
[BlackTeam "Malcolm's Mates"]
[WhiteTeamCountry "KAZ"]
[BlackTeamCountry "ENG"]

1. e4 e5 2. Nf3 Nc6 3. Bb5 a6 4. Ba4 Nf6 5. 0-0 Be7 6. Bxc6 dxc6 7. d3 Nd7 8. Nc3 0-0 9. Be3 f6 10. Nh4 Rf7 11. Nf5 Nf8 12. Nxe7+ Qxe7 13. f4 exf4 14. Bxf4 Ng6 15. Bg3 Be6 16. Qd2 Raf8 17. Rae1 Qd7 18. a4 Qd4+ 19. Kh1 Qb4 20. b3 h6 21. h3 Kh7 22. Kh2 Rd8 23. Re2 c5 24. Nd1 Qxd2 25. Rxd2 b5 26. axb5 axb5 27. Nc3 c6 28. Rfd1 Rfd7 29. Bf2 c4 30. bxc4 Bxc4 31. Bc5 Bf7 32. Ra1 Nf4 33. Ra6 Rc8 34. Rf2 Ne6 35. Be3 Rb7 36. Rf1 Be8 37. Rb1 Nc7 38. Ra5 Ne6 39. Ra6 Nc7 40. Ra5 Ne6 41. Rb2 Rcb8 42. Ra6 Nc7 43. Ra5 Ne6 44. Bf2 Rd8 45. Na4 Rbb8 46. Nc5 Nxc5 47. Bxc5 Ra8 48. Rba2 Rxa5 49. Rxa5 Rb8 50. Ra7 Kg8 51. Bd6 Rd8 52. Bc5 Rb8 53. Re7 Bf7 54. Rc7 Be8 55. Bd6 Rd8 56. e5 fxe5 57. Bxe5 Rd7 58. Rc8 Re7 59. d4 Kf7 60. c3 Ra7 61. Rc7+ 1/2-1/2

[Event "WchT Rapid"]
[Site "London"]
[Date "2025.06.12"]
[Round "6.2"]
[White "Grischuk, Alexander"]
[Black "Moussard, Jules"]
[Result "0-1"]
[WhiteElo "2696"]
[BlackElo "2609"]
[PlyCount "70"]
[EventDate "2025.06.11"]
[EventType "team-swiss"]
[EventRounds "12"]
[EventCountry "ENG"]
[SourceTitle "CB25_2025"]
[SourceDate "2025.06.18"]
[SourceVersion "1"]
[SourceVersionDate "2025.06.18"]
[SourceQuality "1"]
[WhiteTeam "KazChess"]
[BlackTeam "Knight Dance"]
[WhiteTeamCountry "KAZ"]
[BlackTeamCountry "FRA"]

1. d4 d5 2. c4 e6 3. Nc3 Be7 4. cxd5 exd5 5. Bf4 c6 6. e3 Bf5 7. Nge2 Nd7 8. h4 g6 9. h5 g5 10. Bh2 Nh6 11. Ng3 Be6 12. Bd3 Bd6 13. Nf1 Qe7 14. Qc2 f5 15. Bxd6 Qxd6 16. 0-0-0 0-0-0 17. Nd2 Kb8 18. Kb1 f4 19. e4 dxe4 20. Ndxe4 Qe7 21. Rhe1 Rhe8 22. Bf1 Bf5 23. Ka1 Nf6 24. f3 Nd5 25. Qf2 Ne3 26. Rxe3 fxe3 27. Qxe3 Nf7 28. g4 Bc8 29. a3 h6 30. Qf2 Nd6 31. Qg3 Qc7 32. Nc5 Nb5 33. Qf2 Nxd4 34. Rb1 Qf7 35. Bg2 b6 0-1

[Event "WchT Rapid"]
[Site "London"]
[Date "2025.06.12"]
[Round "7.2"]
[White "Gurel, Ediz"]
[Black "Grischuk, Alexander"]
[Result "0-1"]
[WhiteElo "2452"]
[BlackElo "2696"]
[PlyCount "94"]
[EventDate "2025.06.11"]
[EventType "team-swiss"]
[EventRounds "12"]
[EventCountry "ENG"]
[SourceTitle "CB25_2025"]
[SourceDate "2025.06.18"]
[SourceVersion "1"]
[SourceVersionDate "2025.06.18"]
[SourceQuality "1"]
[WhiteTeam "Generation XYZA"]
[BlackTeam "KazChess"]
[WhiteTeamCountry "TUR"]
[BlackTeamCountry "KAZ"]

1. Nf3 d5 2. b3 Bf5 3. e3 e6 4. Bb2 Nf6 5. Be2 h6 6. 0-0 Nbd7 7. c4 c6 8. d3 Be7 9. Nbd2 0-0 10. Qc2 Bh7 11. Rac1 a5 12. a3 Bd6 13. cxd5 exd5 14. Qb1 Re8 15. Rfd1 Qe7 16. Qa1 c5 17. d4 a4 18. Bb5 cxd4 19. Bxd4 axb3 20. Bxf6 Nxf6 21. Bxe8 Qxe8 22. Rc3 Bc2 23. Rf1 Bxa3 24. Nxb3 Bb4 25. Rxc2 Rxa1 26. Rxa1 Ne4 27. Rac1 Qa4 28. Nbd4 Bc3 29. Ne2 Bf6 30. h4 b5 31. Rc8+ Kh7 32. h5 b4 33. Rb8 Nc3 34. Ned4 Qa3 35. Re1 Ne4 36. Rc8 Nc3 37. g4 Qa2 38. Kg2 Qa7 39. Nf5 Qb7 40. Rc5 b3 41. N3d4 Qb4 42. Rc7 b2 43. Rxf7 b1Q 44. Rxb1 Qxb1 45. Kh2 Qb2 46. Ne6 Qxf2+ 47. Kh3 Qf3+ 0-1

[Event "WchT Rapid"]
[Site "London"]
[Date "2025.06.12"]
[Round "8.2"]
[White "Sevian, Samuel"]
[Black "Grischuk, Alexander"]
[Result "1-0"]
[WhiteElo "2636"]
[BlackElo "2696"]
[PlyCount "83"]
[EventDate "2025.06.11"]
[EventType "team-swiss"]
[EventRounds "12"]
[EventCountry "ENG"]
[SourceTitle "CB25_2025"]
[SourceDate "2025.06.18"]
[SourceVersion "1"]
[SourceVersionDate "2025.06.18"]
[SourceQuality "1"]
[WhiteTeam "Freedom"]
[BlackTeam "KazChess"]
[WhiteTeamCountry "IND"]
[BlackTeamCountry "KAZ"]

1. e4 e5 2. Nf3 Nc6 3. Bc4 Bc5 4. c3 Nf6 5. d3 a6 6. a4 d6 7. 0-0 Ba7 8. Be3 Bxe3 9. fxe3 Ne7 10. Nbd2 Ng6 11. Qe1 a5 12. Nh4 Qe7 13. Nf5 Bxf5 14. Rxf5 c6 15. Qg3 h5 16. Nf3 h4 17. Qh3 d5 18. exd5 cxd5 19. Bb5+ Kf8 20. Rf1 Kg8 21. Ng5 Rh6 22. c4 d4 23. exd4 exd4 24. c5 Rf8 25. Bc4 Qe2 26. Qf3 Qxf3 27. Nxf3 Ne7 28. Rf4 Rh5 29. Rxh4 Rxc5 30. Nxd4 Ng6 31. Rh3 Rd8 32. Nf5 Rc7 33. Rg3 Kf8 34. h4 Ne5 35. Nxg7 Rc6 36. Ne6+ fxe6 37. Rxf6+ Ke7 38. Rf4 Rh8 39. Rg7+ Kd6 40. Rxb7 Nxc4 41. dxc4 Ke5 42. g3 1-0

[Event "WchT Rapid"]
[Site "London"]
[Date "2025.06.11"]
[Round "2.2"]
[White "Ibarra Jerez, Jose Carlos"]
[Black "Grischuk, Alexander"]
[Result "1/2-1/2"]
[WhiteElo "2541"]
[BlackElo "2696"]
[PlyCount "37"]
[EventDate "2025.06.11"]
[EventType "team-swiss"]
[EventRounds "12"]
[EventCountry "ENG"]
[SourceTitle "CB25_2025"]
[SourceDate "2025.06.18"]
[SourceVersion "1"]
[SourceVersionDate "2025.06.18"]
[SourceQuality "1"]
[WhiteTeam "Duobeniajan Costa Calida"]
[BlackTeam "KazChess"]
[WhiteTeamCountry "ESP"]
[BlackTeamCountry "KAZ"]

1. e4 c5 2. d4 cxd4 3. Qxd4 Nc6 4. Qd3 g6 5. Nc3 Bg7 6. Nf3 d6 7. Be2 Bg4 8. 0-0 Nf6 9. Nd5 Nd7 10. c3 e6 11. Ne3 Bxf3 12. Bxf3 Nde5 13. Qd1 Nxf3+ 14. Qxf3 0-0 15. Rd1 Ne5 16. Qe2 Qc7 17. Ng4 Nxg4 18. Qxg4 Qc6 19. Bg5 1/2-1/2

[Event "AUT-chT Blitz"]
[Site "Pasching"]
[Date "2025.05.31"]
[Round "2.2"]
[White "Grischuk, Alexander"]
[Black "Mostbauer, Maximilian"]
[Result "1-0"]
[WhiteElo "2682"]
[BlackElo "2202"]
[PlyCount "76"]
[EventDate "2025.05.31"]
[EventType "team-swiss (blitz)"]
[EventRounds "13"]
[EventCountry "AUT"]
[SourceTitle "CB23_2025"]
[SourceDate "2025.06.04"]
[SourceVersion "1"]
[SourceVersionDate "2025.06.04"]
[SourceQuality "1"]
[WhiteTeam "Linz ASV"]
[BlackTeam "Neuhofen Union"]
[WhiteTeamCountry "AUT"]
[BlackTeamCountry "AUT"]

1. e4 e6 2. d4 d5 3. Nc3 dxe4 4. Nxe4 Nd7 5. Nf3 Ngf6 6. Nxf6+ Nxf6 7. c3 c5 8. Ne5 a6 9. Be3 Qc7 10. Qa4+ Bd7 11. Nxd7 Qxd7 12. Qxd7+ Nxd7 13. 0-0-0 cxd4 14. Bxd4 e5 15. Be3 Rc8 16. g3 Bc5 17. Bh3 Bxe3+ 18. fxe3 Rc7 19. Rd5 Ke7 20. Rhd1 Rd8 21. Bxd7 Rcxd7 22. Rxe5+ Kf6 23. Rxd7 Rxd7 24. Re4 g5 25. Rd4 Re7 26. Kd2 h5 27. h3 Ke5 28. e4 f5 29. Ke3 Ke6 30. c4 Rf7 31. exf5+ Rxf5 32. g4 hxg4 33. hxg4 Rf1 34. Rd5 Rf4 35. Rxg5 Rxc4 36. Rg7 b5 37. Kd3 Rc6 38. Rg6+ Kd5 1-0

[Event "AUT-chT Blitz"]
[Site "Pasching"]
[Date "2025.05.31"]
[Round "8.2"]
[White "Grischuk, Alexander"]
[Black "Vitiugov, Nikita"]
[Result "1/2-1/2"]
[WhiteElo "2682"]
[BlackElo "2671"]
[PlyCount "28"]
[EventDate "2025.05.31"]
[EventType "team-swiss (blitz)"]
[EventRounds "13"]
[EventCountry "AUT"]
[SourceTitle "CB23_2025"]
[SourceDate "2025.06.04"]
[SourceVersion "1"]
[SourceVersionDate "2025.06.04"]
[SourceQuality "1"]
[WhiteTeam "Linz ASV"]
[BlackTeam "Linz ASV II"]
[WhiteTeamCountry "AUT"]
[BlackTeamCountry "AUT"]

1. e4 e6 2. d4 d5 3. Nc3 Nf6 4. e5 Nfd7 5. Nce2 c5 6. c3 Nc6 7. Nf3 Be7 8. a3 a5 9. h4 a4 10. Nf4 Qa5 11. Bd2 Qb6 12. Bc1 Qa5 13. Bd2 Qb6 14. Bc1 Qa5 1/2-1/2

[Event "PlusCity Grand Prix Rapid"]
[Site "Pasching"]
[Date "2025.05.30"]
[Round "8"]
[White "Grischuk, Alexander"]
[Black "Kozul, Zdenko"]
[Result "1-0"]
[WhiteElo "2682"]
[BlackElo "2506"]
[PlyCount "61"]
[EventDate "2025.05.30"]
[EventType "swiss (rapid)"]
[EventRounds "9"]
[EventCountry "AUT"]
[SourceTitle "CB23_2025"]
[SourceDate "2025.06.04"]
[SourceVersion "1"]
[SourceVersionDate "2025.06.04"]
[SourceQuality "1"]

1. e4 c5 2. Nc3 d6 3. d4 cxd4 4. Qxd4 Nc6 5. Qd2 g6 6. b3 Bh6 7. f4 Nf6 8. Bb2 0-0 9. 0-0-0 a6 10. g3 Be6 11. Kb1 b5 12. Bg2 Rc8 13. Nge2 Qc7 14. h3 Bg7 15. Rhe1 b4 16. Nd5 Bxd5 17. exd5 Na7 18. Nd4 a5 19. g4 Rfe8 20. g5 Nd7 21. h4 Nb6 22. h5 Qc5 23. hxg6 hxg6 24. f5 gxf5 25. g6 Nb5 26. gxf7+ Kxf7 27. Nxb5 Bxb2 28. Kxb2 Qxb5 29. Qh6 Nd7 30. Bf3 Nf6 31. Bh5+ 1-0